000 00429nam a22001697a 4500
005 20230117105656.0
008 220215b ||||| |||| 00| 0 eng d
020 _a9788131305683
041 _aeng
082 _a363.72
_bSAH-B
100 _aSAHAI, DR SUSHMA
_97113
245 _aBIO-MEDICAL WASTE MANAGEMENT
260 _aNEW DELHI
_bA. P.H PUBLICATION
300 _a369;P.
650 _aPHARMACY
_xB.PHARMA
_97083
942 _cBK
999 _c7941
_d7939